|
|
|
|
| LEADER |
00000nam0a2200000 4500 |
| 001 |
376918 |
| 005 |
20231102012848.0 |
| 035 |
|
|
|a (RuTPU)RU\TPU\retro\34360
|
| 035 |
|
|
|a RU\TPU\book\34041
|
| 090 |
|
|
|a 376918
|
| 100 |
|
|
|a 20230126d1964 km y0rusy50 ca
|
| 101 |
0 |
|
|a rus
|
| 102 |
|
|
|a RU
|
| 105 |
|
|
|a a g 001zy
|
| 200 |
1 |
|
|a Справочник по бурению и оборудованию скважин на воду
|f В. В. Дубровский, М. М. Керченский, В. И. Плохов, Я. А. Сиднев
|g Под ред. В. В. Дубровского
|
| 210 |
|
|
|a Москва
|c Недра
|d 1964
|
| 215 |
|
|
|a 516 с.
|c ил
|
| 320 |
|
|
|a Библиография: с. 511-513
|
| 606 |
1 |
|
|a Бурение на воду
|2 stltpush
|3 (RuTPU)RU\TPU\subj\30277
|9 53405
|
| 606 |
1 |
|
|a Буровое оборудование
|2 stltpush
|3 (RuTPU)RU\TPU\subj\72430
|9 85946
|
| 610 |
1 |
|
|a водоснабжение
|
| 610 |
1 |
|
|a буровые скважины
|
| 610 |
1 |
|
|a промывочные жидкости
|
| 610 |
1 |
|
|a цементирование
|
| 610 |
1 |
|
|a колонковое бурение
|
| 610 |
1 |
|
|a буровые вышки
|
| 610 |
1 |
|
|a безопасность
|
| 610 |
1 |
|
|a справочники
|
| 675 |
|
|
|a 628.112(035)
|v 3
|
| 675 |
|
|
|a 622.242(035)
|v 3
|
| 701 |
|
1 |
|a Дубровский
|b В. В.
|g Виктор Викторович
|
| 701 |
|
1 |
|a Керченский
|b М. М.
|g Михаил Михайлович
|
| 701 |
|
1 |
|a Плохов
|b В. И.
|g Владимир Иванович
|
| 701 |
|
1 |
|a Сиднев
|b Я. А.
|g Яков Алексеевич
|
| 702 |
|
1 |
|a Дубровский
|b В. В.
|g Виктор Викторович
|4 340
|
| 801 |
|
0 |
|a RU
|b 63413507
|c 20011210
|g PSBO
|
| 801 |
|
2 |
|a RU
|b 63413507
|c 20230126
|g PSBO
|
| 942 |
|
|
|c BK
|